Forging European identities, 1400-1700
Αποθηκεύτηκε σε:
| Άλλοι συγγραφείς: | , |
|---|---|
| Μορφή: | Βιβλίο |
| Γλώσσα: | English |
| Δημοσίευση: |
Cambridge; New York :
Cambridge University Press, European Science Foundation,
2006-2007
|
| Θέματα: | |
| Ετικέτες: |
Προσθήκη ετικέτας
Δεν υπάρχουν, Καταχωρήστε ετικέτα πρώτοι!
|
MARC
| LEADER | 00000cam a2200000 i 4500 | ||
|---|---|---|---|
| 001 | 1/10842 | ||
| 008 | 101110s2007 eng d | ||
| 020 | |a 978-0-521-85553-2 (set) | ||
| 020 | |a 978-0-521-84549-6 (hbk.) | ||
| 020 | |a 0-521-84549-1 (τ.IV) | ||
| 035 | |l 10109181 | ||
| 040 | |a GR-MY-UA |b gre |e aacr | ||
| 041 | 0 | |a eng | |
| 082 | 0 | |a 940.2 |2 (22) | |
| 245 | 1 | 0 | |a Forging European identities, 1400-1700 / |c edited by Herman Roodenburg ; with an introductory essay by Bernd Roeck |
| 260 | |a Cambridge; New York : |b Cambridge University Press, |b European Science Foundation, |c 2006-2007 | ||
| 300 | |a xxv, 439 σ.; |c 24 εκ. | ||
| 500 | |a Περιέχει βιβλιογραφία και ευρετήριο | ||
| 500 | |a Σετ 4 τόμων: general editor Robert Muchembled; associate editor, William Monter | ||
| 650 | 0 | 0 | |a Art, European |x History. |
| 651 | 0 | |a Europe |x Religion. | |
| 651 | 0 | |a Europe |x Civilization. | |
| 651 | 0 | |a Europe |x Social conditions. | |
| 700 | 1 | |a Roodenberg, Herman. |4 edt | |
| 700 | 1 | |a Roeck, Bernd. |4 aui | |
| 774 | 1 | |t Cultural exchange in early modern Europe | |
| 852 | |a INST |b LESVOS |e 20101110 |h 940.2 CUL |p 005100049621 |q 005100049621 |t BK |y 0 |z τ.IV | ||
| 852 | |a INST |b LESVOS |e 20101110 |h 940.2 CUL |p 005100049621 |q 005100049621 |t BK |v τ.IV: |y 0 |z τ.IV | ||
| 853 | |a INST |b LESVOS |h 940.2 CUL | ||
| 901 | |a BIBL1-2010-3 | ||
| 909 | |a Λ |b 164985 | ||
| 970 | |a ΤΖΑΦΕΡΗ |b ΕΥΑΓΓΕΛΙΑ |z 2010/11/10 | ||